|
|
|
|
| LEADER |
00000cam a2200000 c 4500 |
| 001 |
52310653X |
| 003 |
DE-627 |
| 005 |
20220809085231.0 |
| 007 |
tu |
| 008 |
070123s2006 fr ||||| 00| ||eng c |
| 020 |
|
|
|a 9287160767
|9 92-871-6076-7
|
| 020 |
|
|
|a 9789287160768
|9 978-92-871-6076-8
|
| 035 |
|
|
|a (DE-627)52310653X
|
| 035 |
|
|
|a (DE-576)261197290
|
| 035 |
|
|
|a (DE-599)GBV52310653X
|
| 035 |
|
|
|a (OCoLC)729963101
|
| 035 |
|
|
|a (OCoLC)85454391
|
| 040 |
|
|
|a DE-627
|b ger
|c DE-627
|e rakwb
|
| 041 |
|
|
|a eng
|
| 044 |
|
|
|c XA-FR
|
| 084 |
|
|
|a 2
|2 ssgn
|
| 084 |
|
|
|a 86.40
|2 bkl
|
| 245 |
0 |
0 |
|a Extradition
|b European standards ; explanatory notes on the Council of Europe convention and protocols and minimum standards protecting persons subject to transnational criminal proceedings
|c [Council of Europe. Eugenio Selvaggi]
|
| 264 |
|
1 |
|a Strasbourg
|b Council of Europe Publ.
|c 2006
|
| 300 |
|
|
|a 167 S.
|
| 336 |
|
|
|a Text
|b txt
|2 rdacontent
|
| 337 |
|
|
|a ohne Hilfsmittel zu benutzen
|b n
|2 rdamedia
|
| 338 |
|
|
|a Band
|b nc
|2 rdacarrier
|
| 689 |
0 |
0 |
|d g
|0 (DE-588)4015701-5
|0 (DE-627)104289007
|0 (DE-576)208913092
|a Europa
|2 gnd
|
| 689 |
0 |
1 |
|d s
|0 (DE-588)4136798-4
|0 (DE-627)105654825
|0 (DE-576)209672218
|a Auslieferung
|2 gnd
|
| 689 |
0 |
|
|5 DE-101
|
| 689 |
1 |
0 |
|d b
|0 (DE-588)36821-0
|0 (DE-627)10084457X
|0 (DE-576)190348828
|a Europarat
|2 gnd
|
| 689 |
1 |
1 |
|d s
|0 (DE-588)4136798-4
|0 (DE-627)105654825
|0 (DE-576)209672218
|a Auslieferung
|2 gnd
|
| 689 |
1 |
|
|5 (DE-627)
|
| 689 |
2 |
0 |
|d u
|0 (DE-588)1179651596
|0 (DE-627)106740807X
|0 (DE-576)518278131
|a European Convention on Extradition
|f 1957 Dezember 13
|2 gnd
|
| 689 |
2 |
|
|5 (DE-627)
|
| 700 |
1 |
|
|a Selvaggi, Eugenio
|4 oth
|
| 710 |
2 |
|
|a Europarat
|0 (DE-588)36821-0
|0 (DE-627)10084457X
|0 (DE-576)190348828
|4 oth
|
| 856 |
4 |
2 |
|u http://www.gbv.de/dms/spk/sbb/toc/52310653X.pdf
|m V:DE-601
|m B:DE-1
|q pdf/application
|v 2010-06-02
|x Verlag
|y Inhaltsverzeichnis
|3 Inhaltsverzeichnis
|7 1
|
| 935 |
|
|
|i Blocktest
|
| 936 |
b |
k |
|a 86.40
|j Internationales Strafrecht
|j Internationales Strafprozessrecht
|0 (DE-627)106422588
|
| 951 |
|
|
|a BO
|
| ELC |
|
|
|b 1
|
| LOK |
|
|
|0 000 xxxxxcx a22 zn 4500
|
| LOK |
|
|
|0 001 3095064519
|
| LOK |
|
|
|0 003 DE-627
|
| LOK |
|
|
|0 004 52310653X
|
| LOK |
|
|
|0 005 20070727163502
|
| LOK |
|
|
|0 008 070508||||||||||||||||ger|||||||
|
| LOK |
|
|
|0 040
|a DE-21
|c DE-627
|d DE-21
|
| LOK |
|
|
|0 852
|a DE-21
|
| LOK |
|
|
|0 852 1
|c KB 9 E 890
|9 00
|
| LOK |
|
|
|0 935
|a krim
|
| LOK |
|
|
|0 936ln
|a k5.7
|
| LOK |
|
|
|0 938
|l 27/07/07
|8 6
|
| LOK |
|
|
|0 939
|a 08-05-07
|b l01
|
| ORI |
|
|
|a SA-MARC-krimdoka001.raw
|
| SIG |
|
|
|a UB: KB 9 E 890
|
| TIM |
|
|
|a 100019490505_100020261231
|b 1949-05-05 - 2026
|